000 00293nam a2200121Ia 4500
008 220216s9999 xx 000 0 und d
100 _aVeeraputhran S
245 0 _aIndian TSR: Challenges and opportunities
260 _bRubber Asia
_c2011
300 _a102-104
650 _aTSR
942 _cJS
999 _c61106
_d61106